| 000 | 00593nam a22001937a 4500 | ||
|---|---|---|---|
| 003 | URS | ||
| 005 | 20250828100513.0 | ||
| 040 | _cURS | ||
| 050 |
_aTA418.9.C6 _b.C83 1992 |
||
| 100 |
_912034 _aMitchell, M. R. |
||
| 245 | _aCyclic deformation, fracture, and nondestructive evaluation of advanced materials | ||
| 264 |
_aPhiladelphia _bASTM _c©1992 |
||
| 336 |
_2rdacontent _atext |
||
| 337 |
_2rdamedia _aunmediated |
||
| 338 |
_2rdacarrier _avolume |
||
| 650 | 0 |
_912035 _aComposite materials _xFatigue -- Congresses. |
|
| 650 | 0 |
_912036 _aNondestructive testing _xCongresses. |
|
| 942 |
_2lcc _cCR |
||
| 999 |
_c85026 _d85024 |
||